THE CLASSIC GUIDE TO BETTER WRITING (Record no. 18942)

MARC details
000 -LEADER
fixed length control field 00360nam a22001577a 4500
003 - CONTROL NUMBER IDENTIFIER
control field SGT
020 ## - INTERNATIONAL STANDARD BOOK NUMBER
International Standard Book Number 9780062730480
082 ## - DEWEY DECIMAL CLASSIFICATION NUMBER
Classification number 808.042,RUD
100 ## - MAIN ENTRY--PERSONAL NAME
Personal name RUDOLF, FLES, P.H.D.
245 ## - TITLE STATEMENT
Title THE CLASSIC GUIDE TO BETTER WRITING
250 ## - EDITION STATEMENT
Edition statement 50TH
260 ## - PUBLICATION, DISTRIBUTION, ETC. (IMPRINT)
Place of publication, distribution, etc NEW YORK
Name of publisher, distributor, etc HARPER RESOURCE
Year of Publication 1996
300 ## - PAGE DESCRIPTION
No. of Pages 288
650 ## - SUBJECT ADDED ENTRY--TOPICAL TERM
Topical term or geographic name as entry element ENGLISH
942 ## - ADDED ENTRY ELEMENTS (KOHA)
Source of classification or shelving scheme Dewey Decimal Classification
Koha item type Books
942 ## - ADDED ENTRY ELEMENTS (KOHA)
-- 6
Holdings
Withdrawn status Lost status Source of classification or shelving scheme Damaged status Use restrictions Not for loan Collection code Home library Current library Shelving location Date acquired Vendor Name Cost, normal purchase price SGTU Bill Number Full call number Accession No. (Barcode) Date last seen Bill Date Koha item type Total Checkouts Date last borrowed
    Dewey Decimal Classification   Restricted Access Not For Loan ENGINEERING SGT Engineering Library SGT Engineering Library Reference Book 26/08/2019 KIRTI PRAKASHAN 750.00 SGTU IN4556 808.042,RUD FE7624 26/08/2019 17/08/2019 Books    
    Dewey Decimal Classification       ENGINEERING SGT Engineering Library SGT Engineering Library Text Book 26/08/2019 KIRTI PRAKASHAN 750.00 SGTU IN4556 808.042,RUD FE7625 01/08/2025 17/08/2019 Books 10 04/07/2025